=LDR 00000nam 2200000 4500 =001 INLIS000000000049159 =005 20200310090022 =035 ##$$a 0010-011700000000440 =008 200310################g##########0#ind## =020 ##$$a 978-602-96747-9-8 =040 ##$$a NBPDMAT =082 ##$$a 297 .73 =090 ##$$a 297 .73 Asa g =100 ##$$a Asadullah Al - Fasuq =245 1#$$a Gantungkan cambuk dirumahmu : $b Seni mendisiplinkan anak menurut resep nabi /$c Asadullah Al Fasuk ; Editor, Muhammad Al bani =260 ##$$a Solo :$b Nabawi Publishing,$c 2012 =300 ##$$a 196 hlm. ; $c 14 x 20,5 cm =500 ##$$a Bibliografi : hlm .192-196 =650 #4$$a Anak Disipun ( ISLAM ) =700 #$$a Muhammad Albani =084 ##$$a 297 .73 ASA g =250 ##$$a Cet. 1 =990 ##$$a 21602565 =990 ##$$a 21602566 =990 ##$$a 21602567 =990 ##$$a 21602568 =990 ##$$a 21602569